000 00728nam a2200229Ia 4500
003 OSt
005 20220923225635.0
006 a|||||r|||| 00| 0
007 ta
008 Pun
024 _a272,977
037 _cTextual
040 _aARTS
_cARTS
_bPun
041 _2Pun
_aPun
082 _aO153vN5, K5.1
100 _aਦੁੱਗਲ, ਨਰਿਦਰ ਸਿੰਘ
_9156274
245 0 _aਪੰਜਾਬੀ ਸਾਹਿਤ
_b ਇਕ ਸੰਖੇਪ ਸਰਵੇFਣ
260 _aਜਲੰਧਰ
_b ਨਿਉ ਬੁੱਕ ਕੰਪਨੀ
_c1965
650 _aਪੰਜਾਬੀ ਸਾਹਿਤ
942 _hO153vN5, K5.1
_cTEXL
_2CC
999 _c379618
_d379618